[Event "RUS-Cup06"]
[Site "Nizhnij Novgorod"]
[Date "1998.07.06"]
[Round "8"]
[White "Ibragimov, Ildar"]
[Black "Lastin, Alexander"]
[Result "0-1"]
[WhiteElo "2590"]
[BlackElo "2535"]
[Annotator "Huebner,R"]
[PlyCount "70"]
[EventDate "1998.06.29"]
[EventType "swiss"]
[EventRounds "9"]
[EventCountry "RUS"]
[SourceTitle "EXT 2000"]
[Source "ChessBase"]
[SourceDate "1999.11.16"]
[SourceVersion "1"]
[SourceVersionDate "1999.11.16"]
[SourceQuality "1"]

1. d4 d5 2. c4 c6 3. Nc3 Nf6 4. Nf3 dxc4 5. a4 Bf5 6. Nh4 Bc8 7. e3 e5 8. Bxc4
exd4 9. exd4 Qe7+ 10. Be2 {In einer Partie I. Lempert-S. Berg Hansen, Spring
op Budapest 1991, folgte} (10. Be3 Ng4 11. Qe2 {, doch kann Schwarz nun mit
der Fortsetzung} Nxe3 12. Qxe3 Qxe3+ 13. fxe3 Be7 14. Nf3 Nd7 {einen
gefahrlosen Ausgleich erzielen. Der Textzug verspricht mehr.}) 10... Qc7 11.
O-O Be7 12. Nf3 (12. Qc2 {mit der Idee, Sh4-f5 folgen zu lassen, war ebenfalls
plausibel. Nach} Ng4 13. Bxg4 (13. Nf3 {nebst h2-h3 kommt ebenfalls in
Betracht.}) 13... Bxg4 (13... Bxh4 {scheitert an} 14. Nb5) 14. Nf5 {behält
Weiß einen kleinen Entwicklungsvorsprung.}) 12... O-O 13. Bc4 Bg4 14. h3 Bxf3 (
14... Bh5 $5) 15. Qxf3 Nbd7 16. a5 $6 {Weiß möchte Sd7-b6(-d5) verhindern,
aber der Bauer auf a5 ist anfällig. Mir gefällt} (16. Re1 Rae8 ({Nach} 16...
Rfe8 {bleibt der Punkt f7 schwach.}) 17. Bg5 {besser.}) 16... a6 17. Rd1 {
Hier steht der Turm natürlich nicht besonders wirkungsvoll. Der Spielplan, den
Weiß in der Folge verwirklicht, macht einen ungesunden Eindruck.} Rae8 18. Bb3
Bd6 19. Be3 Re7 20. g4 Bb4 21. g5 Ne8 22. Ne4 Bxa5 23. h4 Qb6 24. Ba2 Qxb2 25.
h5 Kh8 26. Ng3 f5 $2 (26... Nd6 {sieht viel solider aus, zum Beispiel:} 27. Bf4
Nb5 28. Nf5 Re1+ 29. Rxe1 Bxe1 30. Rxe1 Qxa2) 27. Bf4 $2 (27. Rdb1 {war der
angewiesene Zug. Weiß hat mindestens remis, vielleicht sogar Vorteil:} Qc3 (
27... Qc2 28. Rc1 Qa4 29. Be6 Qb4 30. Rcb1 Qc3 31. Ne2 (31. Bxd7 Rxd7 32. Rc1
Qb4 33. Rcb1 {führt zum Remis.}) 31... Qd3 32. Nf4 {mit entscheidendem Vorteil
für Weiß.}) 28. Ne2 (28. Rc1 Qb4 (28... f4 29. Rxc3 Bxc3 30. Rf1 fxe3 31. Qg4 {
führt zu keinem klaren Ergebnis.}) 29. Rcb1 Qd6 30. Nxf5 Bc3 31. Bf4 Rxf5 32.
Bxd6 Rxf3 33. Bxe7 Bxa1 (33... Bxd4 34. Rd1 {ist nicht besser für Schwarz.})
34. Rxa1 {mit unklarer Lage.}) 28... Qc2 29. Nf4 {mit der Drohung 30.Sg6+ ist
vielleicht noch aussichtsreicher für Weiß. Nach dem Textzug kann Schwarz
leicht gewinnen.}) 27... Bc7 $19 28. Bxc7 Nxc7 29. Nxf5 Qb5 30. d5 Re5 31. Bb1
Nxd5 32. Qg4 Qc5 33. Ra2 Rexf5 34. Bxf5 Ne5 35. Qe4 Nc3 0-1

[Event "RUS-ch51"]
[Site "St Petersburg"]
[Date "1998.07.30"]
[Round "3"]
[White "Iskusnyh, Sergei"]
[Black "Morozevich, Alexander"]
[Result "1/2-1/2"]
[WhiteElo "2455"]
[BlackElo "2625"]
[Annotator "Huebner,R"]
[PlyCount "124"]
[EventDate "1998.07.28"]
[EventType "swiss"]
[EventRounds "11"]
[EventCountry "RUS"]
[SourceTitle "CBM 067"]
[Source "ChessBase"]
[SourceDate "1998.11.30"]
[SourceVersion "2"]
[SourceVersionDate "1998.11.01"]
[SourceQuality "1"]

{[Site "St. Petersburg"] [Date "1998. 07. [Round "3. [White "Iskusnyh, S"] 
[Black "Morozevich, A"] [Result "1/2-1/2"] } 1. Nf3 Nf6 2. c4 c6 3.
Nc3 d5 4. d4 dxc4 5. a4 Bf5 6. Ne5 Nbd7 7. Nxc4 Qc7 8. g3 e5 9. dxe5 Nxe5 10.
Bf4 Nfd7 11. Nxe5 Nxe5 12. Qd4 f6 13. a5 a6 14. Bg2 Rd8 $15 (14... Be7 15. Ne4
Rd8 16. Qc3 O-O 17. O-O Rfe8 18. Nc5 Bf8 19. Rfd1 $14 {1/2-1/2 Ward,C-Crouch,C/
BCF-ch 1997 (58). Der Textzug ist offensichtlich viel genauer als 14...Le7.
Der Königsläufer des Schwarzen findet auf der Diagonale a7-f2 Platz; die Dame
des Weißen erhält nicht das schöne Feld c3 und muß sich herumscheuchen lassen.
Schwarz erobert die schwazen Felder am Damenflügel und erhält Aussichten, die
Bauernschwächen des Weißen auszunutzen.}) 15. Qa4 Bc5 16. O-O Rd4 17. Qa2 Qe7
18. Rac1 Rb4 19. b3 Be6 20. Ne4 Ba7 (20... Bxb3 21. Qd2 {führt zu
Verdrießlichkeiten:} Nc4 (21... Rb5 22. Nxc5 Rxc5 23. Rxc5 Qxc5 24. Rb1 {
mit großem Vorteil für Weiß;}) 22. Qc3 {und die Figuren des Schwarzen sind
häßlich verknubbelt.}) 21. Qd2 O-O 22. Bxe5 fxe5 23. e3 Rd8 $6 ({Ich sehe
nicht, was gegen} 23... Rxb3 {spricht.}) 24. Qc3 Rb5 $6 (24... Rxb3 25. Qxe5
Rd5 26. Qf4 (26. Qa1 Ra3 27. Qb2 Raxa5 $17) 26... Rbd3 {kam in Betracht;
Schwarz hat beträchtlichen Vorteil.}) 25. Rb1 Qb4 26. Qxb4 Rxb4 27. Rfd1 {
So erlangt Weiß Gegenspiel.} Rf8 (27... Rxd1+ 28. Rxd1 Bxb3 29. Rd8+ Kf7 30.
Ra8 Bd5 31. Ng5+ Kg6 32. Bxd5 {ist gefahrlos für Weiß.}) 28. Rdc1 {Weiß
pariert die Drohung 28...Lf5.} h6 (28... Bf5 29. Rc4 Rb5 30. b4 Rd5 31. Rbc1 {
ist befriedigend für Weiß. Mit dem Textzug bereitet Schwarz die Rückkehr
seines Turmes auf die d-Linie vor.}) 29. Nd2 (29. h4 Rd8 30. Rd1 Rxd1+ 31. Rxd1
Bd5 {sieht unbequem für Weiß aus.}) (29. Nc5 Bf5 30. e4 (30. Rb2 Rd8 {ist
offensichtlich lästig für Weiß.}) 30... Bxc5 31. exf5 (31. Rxc5 Bxe4 {mit
Vorteil für Schwarz.}) 31... Bd4 32. Bh3 g6 {ist ebenfalls nicht einfach für
Weiß.}) 29... Bb8 30. Bf1 Bf5 31. Bc4+ Kh7 32. e4 {Diese Änderung der
Bauernstruktur scheint mir höchst riskant; der Königsläufer des Schwarzen wird
nach a7 zurückkehren und starken Druck gegen den Punkt f2 ausüben. Besser war}
(32. Rb2 {meines Erachtens hat Weiß nichts zu fürchten, da der Turm auf b4
eingekesselt ist.}) 32... Bh3 33. Nf1 Bc7 34. Ra1 b5 35. axb6 Bxb6 36. Ra2 a5
37. Ne3 Rf3 38. Ng2 a4 39. bxa4 Rxa4 40. Rb2 (40. Rxa4 Rxf2 41. Rb4 Bd4 42. Be6
Rc2+ 43. Rxd4 Rxc1+ 44. Kf2 Rc2+ 45. Ke1 Bxe6 46. Ne3 (46. Rd2 Rc4 {ist auch
unerquicklich für Weiß} 47. Re2 Bg4 48. Re3 Rc2 $19) 46... exd4 (46... Rc3 47.
Rd6 Rxe3+ 48. Kd2 Rxe4 49. Rxe6 c5 50. Kd3 Re1 51. Kd2 Rh1 52. h4 Rh3 53. Rxe5
Rxg3 54. Rxc5 Rg4 55. h5 Rg5 {führt ebenfalls zum Sieg.}) 47. Nxc2 c5 {und
Schwarz gewinnt.}) 40... Bd4 41. Re2 g6 42. Ne3 Ra3 43. Nd1 h5 44. Ra2 Rxa2 45.
Bxa2 Rd3 46. Bc4 Rd2 47. Bf1 Bd7 48. h4 c5 49. Bc4 Bg4 50. Ne3 Bf3 51. Bd5 g5
52. hxg5 Kg6 53. Rb1 Bxe3 54. fxe3 Rg2+ 55. Kf1 Kxg5 56. Rb8 Rxg3 $2 (56... Kg4
{bot viel bessere Gewinnaussichten:} 57. Rg8+ Kh3 58. Rg5 (58. Be6+ Bg4 59.
Bxg4+ hxg4 60. Rxg4 Rxg3 {und Schwarz gewinnt.}) 58... Bg4 59. Rxe5 (59. Bf7
Rxg3 60. Bxh5 Be2+ $19) 59... Kxg3 60. Be6 Rc2 {und Weiß verkehrt in großer
Gefahr. Nach dem Textzug kann Weiß die Stellung seines Königs verbessern.}) 57.
Kf2 Kh4 58. Re8 Bg4 59. Rxe5 Rf3+ 60. Ke1 Kg3 61. Kd2 Rf2+ 62. Kd3 Be2+ (62...
h4 63. Rg5 {führt ebenfalls zu nichts.}) 1/2-1/2

[Event "RUS-ch51"]
[Site "St Petersburg"]
[Date "1998.07.28"]
[Round "1"]
[White "Shcherbakov, Ruslan"]
[Black "Bareev, Evgeny"]
[Result "1/2-1/2"]
[WhiteElo "2555"]
[BlackElo "2690"]
[Annotator "Huebner,R"]
[PlyCount "48"]
[EventDate "1998.07.28"]
[EventType "swiss"]
[EventRounds "11"]
[EventCountry "RUS"]
[SourceTitle "CBM 067"]
[Source "ChessBase"]
[SourceDate "1998.11.30"]
[SourceVersion "2"]
[SourceVersionDate "1998.11.01"]
[SourceQuality "1"]

1. Nf3 {Hansen,LB} d5 2. d4 Nf6 3. c4 c6 4. Nc3 dxc4 5. a4 Bf5 6. Ne5 e6 7. f3
Bb4 8. e4 Bxe4 {'!?' Hansen,LB. Hansen,LB: 'This B-sacrifice has been around
for a long time now, without being refuted!'} 9. fxe4 Nxe4 10. Bd2 (10. Qf3 {
Hansen,LB This is a well known drawing line.} Qxd4 11. Qxf7+ Kd8 12. Bg5+ Nxg5
13. Qxg7 Bxc3+ 14. bxc3 Qxc3+ 15. Ke2 {1/2-1/2, eg. Solozhenkin,E-Khalifman,A/
St. Petersburg/1998/}) 10... Qxd4 11. Nxe4 Qxe4+ 12. Qe2 Bxd2+ 13. Kxd2 Qd5+
14. Kc3 (14. Kc2 {Hansen,LB} Na6 15. Nxc4 {is another main line which is not
clear.}) 14... O-O 15. Qe3 b5 {Hansen,LB: 'A very intersting type of position.
Contrary to the lines after 14. Kc2, Na6. 15. Nc4, Black keeps 4 pawns for the
piece. But if White can block on the black squares (eg. with the Q on c5), the
pawns left on white squares will be in eternal danger of being picked up by
the white B.'} 16. Be2 Nd7 17. Nxd7 Qxd7 18. Qc5 (18. Bf3 {Hansen,LB} Rac8 19.
Rhd1 Qe7 20. Kc2 a6 21. Qe5 Qb4 $13 {Piket,J-Kramnik,V/Monaco Blind/1995/})
18... Qd8 {'!' Hansen,LB. Hansen,LB: 'Ehlvest's move, which creates
counterplay. The black Q eyes a5 and f6.'} (18... a6 {Hansen,LB} 19. Rhd1 {
1/2-1/2/Lalic,B-Sadler,M/Hastings/1996/} Qc7 20. Bf3 Rab8 21. h4 Rfd8 22. Kc2
$14 {Ehlvest,J-Manninen,M/Jyvaskyla/1997/}) 19. Kc2 ({In der Partie Sorokin,
M-Ehlvest,J, Villa Martelli 1997, geschah} 19. Rhf1 a6 20. Rad1 Qa5+ 21. Kc2
Rad8 (21... Qxa4+ 22. Kb1 Rad8 {kam meines Erachtens in Betracht; ich sehe
keine Gefahren für Schwarz.}) 22. Kb1 Qc7 (22... Qxa4 {führt zur oben
angegebenen Stellung.}) (22... c3 {kommt ebenfalls in Betracht.}) 23. Bf3 {
und remis. Hansen,LB: '1/2-1/2/Sorokin,M-Ehlvest,J/Villa Martelli/1997/'}) (19.
Qxc6 b4+ 20. Kc2 b3+ 21. Kb1 Rc8 {ist natürlich nicht verlockend für Weiß. Mit
dem Textzug wehrt sich Weiß auf andere Art gegen die Drohung 19...Df6+;
Vorteil erreicht er damit auch nicht.}) 19... Rb8 20. Rad1 Qa5 21. Bxc4 Qxa4+
22. Bb3 Qe4+ 23. Kc1 Rbd8 (23... Qxg2 24. Rhg1 Qe4 25. Qg5 g6 26. Bc2 {nebst
h2-h4-h5 sieht sehr riskant für Schwarz aus.}) 24. Qg5 Rxd1+ {Die Stellung ist
natürlich ganz unklar, doch hat Schwarz meines Erachtens nichts zu fürchten.
'~~' Hansen,LB.} 1/2-1/2

[Event "Bad Homburg"]
[Site "Bad Homburg"]
[Date "1998.07.18"]
[Round "2"]
[White "Gabriel, Christian"]
[Black "Torre, Eugenio"]
[Result "1-0"]
[WhiteElo "2555"]
[BlackElo "2560"]
[Annotator "Huebner,R"]
[PlyCount "93"]
[EventDate "1998.07.17"]
[EventType "tourn"]
[EventRounds "9"]
[EventCountry "GER"]
[EventCategory "13"]
[SourceTitle "CBM 066"]
[Source "ChessBase"]
[SourceDate "1998.09.30"]
[SourceVersion "1"]
[SourceVersionDate "1998.09.30"]
[SourceQuality "1"]

1. d4 Nf6 2. c4 c6 3. Nc3 d5 4. Nf3 dxc4 5. a4 Bf5 6. Ne5 Nbd7 7. Nxc4 Qc7 8.
g3 e5 9. dxe5 Nxe5 10. Bf4 Nfd7 11. Bg2 f6 12. a5 {Üblich ist 12.0-0. Dieser
Vorstoß wurde bisher nur nach eingeschaltetem Abtausch auf e5 versucht. Es
scheint mir unwahrscheinlich, daß Weiß sich die Zeit zu diesem Positionszug
nehmen kann, ohne der Aussicht auf Vorteil verlustig zu gehen. Die Reaktion
des Schwarzen ist zunächst angemessen.} Nc5 13. O-O Rd8 14. Qe1 Ne6 $6 {
Aber dieser Zug gefällt mir gar nicht. Schwarz läßt die günstige Position des
Springers auf c4 unangetastet und erleichert die Ausführung des Vorstoßes
a5-a6.} ({Die Fortsetzung} 14... Be6 15. Nxe5 fxe5 16. Bg5 Be7 17. Bxe7 Qxe7 {
führt zu einer ausgeglichenen Stellung, denn} 18. a6 Nxa6 19. Bxc6+ bxc6 20.
Rxa6 {wird mit} Bh3 {bestraft.}) (14... Nb3 15. Rd1 Rxd1 16. Nxd1 (16. Qxd1
Nxa5) 16... Bc5 {führt zu einer unübersichtlichen Stellung, in der die
Aussichten ebenfalls gleich verteilt sein dürften.}) 15. Bxe5 fxe5 16. a6 b6
17. Rc1 {Nun droht 18.Se3 Lg6 19.Sb5.} Bc5 $2 (17... Bb4 {bot meines Erachtens
bessere Überlebensaussichten:} 18. Ne3 O-O {Die sofortige Abwichlung bringt
ebenfalls nicht viel ein:} 19. Ncd5 (19. Nxf5 Rxf5 {sieht ganz befriedigend
für Schwarz aus:} 20. Nd5 {Ruhige Fortsetzungen versprechen nicht mehr. Die
Figurenkonstellation weißer Läufer gegen schwarzen Springer ist für den
Nachziehenden nicht ungünstig; zudem kann Weiß den Abtausch des Sc3 kaum
erzwingen und hat deshalb Mühe, seine Figuren auf andere Weise als durch
diesen taktischen Ausfall ins Spiel zu bringen.} cxd5 (20... Bxe1 21. Nxc7 Nxc7
22. Rfxe1 c5 {ist ebenfalls spielbar.}) 21. Qxb4 Qf7 22. e4 (22. Bxd5 Rxd5 23.
e4 {scheitert an} Rd4) 22... dxe4 23. Bxe4 Rf6 {gefolgt von Se6-d4.}) 19...
Bxe1 20. Nxc7 Nxc7 21. Rxc6 Nxa6 22. Rxe1 Bd7 {,und Schwarz sollte sich halten
können.}) 18. Na4 O-O 19. b4 Be7 20. Ne3 Nd4 21. Nxf5 Rxf5 22. e3 Nf3+ 23. Bxf3
Rxf3 24. Qe2 Rf6 25. b5 c5 26. Nc3 {Jetzt ist die Stellung des Nachziehenden
positionell hoffnungslos. Seine weißfeldrigen Schwächen sind tödlich; dem
Springer des Weißen winkt das Feld d5.} Rfd6 27. Qc4+ Kh8 28. Rcd1 h6 29. Rxd6
Rxd6 30. Rd1 Rxd1+ 31. Nxd1 h5 32. Nc3 h4 33. Kf1 Qd7 34. Qd5 Qh3+ 35. Kg1 Qf5
36. Qa8+ Bf8 37. Qxa7 h3 38. Qa8 Qc2 39. Qxf8+ Kh7 40. Qf3 Qxc3 41. Qh5+ Kg8
42. Qxh3 Qb3 43. Qc8+ Kh7 44. a7 Qd1+ 45. Kg2 Qd5+ 46. Kh3 e4 47. Kg2 1-0

[Event "RUS-Cup06"]
[Site "Nizhnij Novgorod"]
[Date "1998.07.01"]
[Round "3"]
[White "Yakovich, Yuri"]
[Black "Kuporosov, Viktor"]
[Result "1-0"]
[WhiteElo "2570"]
[BlackElo "2500"]
[Annotator "Huebner,R"]
[PlyCount "209"]
[EventDate "1998.06.29"]
[EventType "swiss"]
[EventRounds "9"]
[EventCountry "RUS"]
[SourceTitle "EXT 2000"]
[Source "ChessBase"]
[SourceDate "1999.11.16"]
[SourceVersion "1"]
[SourceVersionDate "1999.11.16"]
[SourceQuality "1"]

1. d4 Nf6 2. c4 c6 3. Nc3 d5 4. Nf3 dxc4 5. a4 Bf5 6. Ne5 Na6 7. e3 e6 8. Bxc4
Nb4 9. O-O Be7 10. Qe2 Bc2 {Mein besonderes Vertrauen genießt diese
Figurenaufstellung nicht, doch mag das Manöver spielbar sein.} 11. a5 O-O 12.
a6 $6 (12. b3 {sieht plausibler aus; der weißfeldrige Läufer des Nachziehenden
wird sich bald unverrichterer Dinge zurückziehen müssen.} b5 {scheitert an} 13.
axb6 axb6 14. Nxc6 Nxc6 15. Rxa8 Qxa8 16. Qxc2) 12... Qc7 $6 ({Ich verstehe
nicht, was den Schwarzen vom Zuge} 12... b5 {abhielt. Nach} 13. Nxc6 (13. Na2
Be4 {ist ungefährlich für Schwarz.}) 13... Nxc6 14. Bxb5 Nb4 {gewinnt er eine
Figur. Auch nach anderen Zügen als 13.Sc6: und 13.Sa2 bekommt er eine gute
Stellung. Jetzt erhält Weiß einen kleinen positionellen Vorteil.}) 13. axb7
Qxb7 14. Bd2 c5 15. dxc5 Bxc5 16. Na4 Bxa4 17. Rxa4 Rab8 18. Rc1 Qe4 19. Nf3
Rfd8 $2 {Dies ist ein grober Bock. Nach} (19... Rfc8 20. Ba6 Rc7 {bleibt der
Vorteil des Weißen gering.}) (19... Qc6 20. Bb3 Qb6 {ist ebenfalls ausreichend.
}) 20. Bb5 Rdc8 21. Rxc5 Rxc5 22. Rxb4 Qb1+ 23. Be1 (23. Ne1 $5) 23... Rc2 24.
Bd3 Rxb4 25. Bxc2 Qa1 26. b3 (26. Qd3 Rb8 27. b4 $5) 26... Rb8 27. h3 h6 28.
Kh2 (28. Qc4 $5) 28... Rc8 29. Bd3 Nd5 30. Bd2 Nc3 31. Bxc3 Qxc3 32. Bc4 Rd8
33. Nd4 a5 34. Qa2 g6 35. Nf3 $6 {Den Sinn des Zuges verstehe ich nicht.} Rd1
36. Qa4 Ra1 37. Qe8+ Kg7 38. Qb5 Ra2 39. Kg1 Qa1+ 40. Bf1 Qb2 41. Qe5+ Qxe5 42.
Nxe5 a4 {Schwarz ist es gelungen, das letzte Bauernpaar am Damenflügel
abzutauschen. Ich weiß nicht, ob das nun folgende Endspiel als gewonnen für
Weiß oder als unentschieden einzuschätzen ist.} 43. bxa4 Rxa4 44. g4 Ra3 45.
Kg2 Rb3 46. Kg3 Kf6 47. Nf3 Ra3 48. Bg2 Ra2 49. h4 g5 50. h5 Rb2 51. Nd4 Ra2
52. Bc6 Ra3 53. Kf3 Ra2 54. Ne2 Rc2 55. Be4 Rb2 56. Ng3 Ke5 57. Bd3 Ra2 58. Bh7
Rb2 59. Ne2 Ra2 60. Nc1 Rd2 61. Nd3+ Kf6 62. Kg3 Re2 63. Be4 Kg7 64. Bg2 Rd2
65. Be4 Re2 66. Ne5 Re1 67. Nf3 Ra1 68. Nd4 Re1 69. Nc2 Rg1+ 70. Bg2 Rc1 71.
Nb4 Rd1 72. f4 Rb1 73. Nd3 Rb3 74. Be4 Ra3 75. Kf3 Ra1 76. f5 Rg1 {Meines
Erachtens sollte Schwarz} (76... exf5 {versuchen. Nach} 77. Bxf5 (77. gxf5 Rh1
{sieht überhaupt nicht gewinnträchtig aus.}) 77... Ra4 {ist die Idee, den
Läufer auf der Diagonale b1-d3 aufzustellen und den Springer nach f5 zu
bringen, nicht gefährlich für Schwarz; er kann stets Kg7-h7 antworten.} 78. e4
f6 {ist auch kaum zum Gewinn ausreichend. Jetzt wird der e-Bauer eine Schwäche.
}) 77. fxe6 fxe6 78. Nc5 Kf6 79. Nd7+ Ke7 80. Ne5 Kf6 81. Nc6 Kf7 82. Nd4 Kf6
83. Bc6 Rd1 84. Ba4 Rf1+ 85. Kg2 Ra1 86. Bd7 e5 87. Nf5 Ra7 88. Bc6 Rh7 89. Kf3
Ke6 90. Ke4 Rh8 91. Bd5+ Kf6 92. Bc4 Rc8 93. Be2 Rh8 94. Kd5 Rd8+ 95. Kc6 Rc8+
96. Kd7 Rc2 97. Bf3 Rf2 98. Be4 Re2 99. Ke8 Re1 100. Kf8 Rc1 101. Kg8 Rc4 102.
Nd6 Rc3 103. Bf5 Rxe3 104. Ne4+ Ke7 105. Kg7 1-0

[Event "WchT 6th"]
[Site "Beersheba"]
[Date "2005.11.01"]
[Round "1.1"]
[White "Aronian, Levon"]
[Black "Gelfand, Boris"]
[Result "1/2-1/2"]
[WhiteElo "2724"]
[BlackElo "2717"]
[Annotator "Huebner,R"]
[PlyCount "63"]
[EventDate "2005.11.01"]
[EventType "team-tourn"]
[EventRounds "9"]
[EventCountry "ISR"]
[SourceTitle "CBM 110"]
[Source "ChessBase"]
[SourceDate "2006.01.31"]
[SourceVersion "1"]
[SourceVersionDate "2006.01.31"]
[SourceQuality "1"]
[WhiteTeam "Armenia"]
[BlackTeam "Israel"]
[WhiteTeamCountry "ARM"]
[BlackTeamCountry "ISR"]

1. Nf3 d5 2. d4 Nf6 3. c4 c6 4. Nc3 dxc4 5. a4 Bf5 6. Ne5 Nbd7 7. Nxc4 Qc7 8.
Bg5 {Hin und wieder wird dieser Zug gespielt; er kann sich aber in Popularität
in keiner Weise mit 8.g3 messen. Dafür gibt es keinen zwingenden Grund.} e5 {
Hier sind viele andere Züge versucht worden, doch ist diese Fortsetzung am
energischsten.} 9. e3 (9. Bxf6 {sieht plausibler aus, doch hat Weiß keinen
nennenswerten Vorteil nach} gxf6 10. e3 exd4 11. exd4 Rg8 12. Qf3 Be6 13. h3
O-O-O {1/2-1/2 Hillarp Persson,T-Hector,J/Copenhagen 2002/CBM 089 ext (59). 
(58)}) (9. Bh4 Bb4 10. dxe5 Ne4 11. Qb3 a5 12. Rc1 O-O 13. f3 Nec5 14. Qd1 {
ist offenbar unerfreulich für Weiß:} Nxe5 $17 {0-1 Stahlberg,G-Maroczy,G/
Dresden 1936/HCL (28). (28)}) 9... Be7 {Dies ist ein neuer, wenn auch sehr
plausibler Zug. Nach} (9... Rd8 10. Bxf6 gxf6 {kann Schwarz nicht mehr lang
rochieren, so daß Weiß auf einen kleinen Vorteil hoffen kann:} 11. Bd3 {
Die bisher gespielten Züge ergeben nichts:} (11. Qf3 Be6 12. Rd1 Be7 13. Qg3
Nb6 14. Nd2 Kf8 $13 {1/2-1/2 Kempinski,R-Sundararajan,K/Biel 2000/CBM 077 ext 
(27). (26)}) (11. Be2 Nc5 12. O-O Be7 13. Re1 Ne6 14. d5 $2 (14. Bg4 $11) 14...
cxd5 15. Nxd5 Qc5 16. Nxe7 Rxd1 17. Nxf5 Rxe1+ 18. Rxe1 O-O $19 {0-1 Buckley,
G-Hector,J/London 1999/CBM 070 ext (33). (33)}) 11... Be6 12. Qe2 {usw.}) (9...
Ne4 {verdient Untersuchung.}) 10. Bd3 (10. dxe5 Nxe5 11. Bf4 Nfd7 {ergibt
einen bekannten Stellungstyp in bequemer Form für Schwarz.}) 10... Be6 (10...
Bxd3 11. Qxd3 Rd8 {ist ebenfalls befriedigend für Schwarz.}) 11. a5 O-O 12. O-O
b5 (12... exd4 13. Bf4 Qd8 14. exd4 Nd5 {genügt ebenfalls zum Ausgleich.}) 13.
axb6 (13. Nxe5 Nxe5 14. dxe5 Qxe5 15. Bf4 Qh5 {bringt dem Weißen auch nichts
ein.}) 13... axb6 14. Qc2 h6 15. Bh4 Rxa1 16. Rxa1 exd4 17. Bg3 Qd8 18. exd4
Nh5 19. Rd1 Nxg3 $11 20. hxg3 Qc7 21. Ne2 (21. Ne3 Nf6 $11) 21... Rd8 (21...
Bg5 $5) 22. Nf4 Nf8 23. Ne5 Rxd4 24. Nxc6 Rd6 25. Nxe7+ Qxe7 26. Re1 Qd8 27.
Kh2 Qc8 28. Qe2 Qc5 29. Ra1 Qd4 30. Qf3 $5 (30. Ra8 Rd8 {führt zum Remis.})
30... g5 (30... Qxb2 31. Ra8 Qd4 32. Ng6 Qxd3 33. Qxd3 Rxd3 34. Nxf8 Bd5 35.
Rd8 g5 36. Nd7+ Kg7 37. Nxb6 {führt ebenfalls zum Remis.}) 31. Nxe6 Qxd3 32.
Ra8 1/2-1/2

[Event "NED-ch53"]
[Site "Rotterdam"]
[Date "1998.06.26"]
[Round "5"]
[White "Piket, Jeroen"]
[Black "Sokolov, Ivan"]
[Result "1/2-1/2"]
[WhiteElo "2575"]
[BlackElo "2625"]
[Annotator "Huebner,R"]
[PlyCount "64"]
[EventDate "1998.06.21"]
[EventType "tourn"]
[EventRounds "11"]
[EventCountry "NED"]
[EventCategory "12"]
[SourceTitle "CBM 066"]
[Source "ChessBase"]
[SourceDate "1998.09.30"]
[SourceVersion "1"]
[SourceVersionDate "1998.09.30"]
[SourceQuality "1"]

1. d4 d5 2. c4 c6 3. Nf3 Nf6 4. Nc3 dxc4 5. a4 Bf5 6. Ne5 Nbd7 7. Nxc4 Qc7 8.
g3 e5 9. dxe5 Nxe5 10. Bf4 Nfd7 11. Bg2 f6 12. Nxe5 Nxe5 13. a5 a6 14. O-O Rd8
15. Qa4 (15. Qb3 $5) 15... Bd6 16. Be3 (16. Ne4 $5 $14) 16... Qf7 17. Bb6 Rd7
18. Ne4 Bxe4 19. Bxe4 (19. Qxe4 O-O $11) 19... Nc4 20. Bf5 Nxb6 21. axb6 Rd8
22. Rad1 g6 23. Bc2 Qe7 24. Rd3 Bc5 25. Rxd8+ Kxd8 26. Rd1+ Kc8 27. Qg4+ f5 (
27... Kb8 28. Rd7 Qe5 29. Qc4 Bxb6 30. Qf7 Bc7 31. Re7 {ist nicht günstiger
für Schwarz.}) 28. Bxf5+ gxf5 29. Qxf5+ Kb8 30. Rd7 Qf8 31. Rf7 Qd6 32. Rd7 Qf8
1/2-1/2